Technológia pre 2. ročník učebného odboru pekár

Bibliographic Details
Main Author: Dubová, Gabriela (Author)
Format: Book
Language:Slovak
PhysicalDescription:127 s. fotogr., ilustr., sch., tab. 30 cm
Published: Bratislava Expol pedagogika 2014
ISBN:9788080913823
Edition:1. vyd.
Subjects:

MARC

LEADER 00000cam a2200000 a 4500
001 vtls010660333
003 SK-MaSNL
005 20260301134900.0
008 240313s2014 xo oa d n 000 0 slo
015 |a SNBA2015/03 
020 |a 9788080913823  |q (brož.) 
035 |a 2512E39F-E714-44BA-A726-8F9E257EF58A 
035 |a urn:nbn:sk:snk-amjqgb 
035 |a urn:nbn:sk:snk-am003ehr 
040 |a SNK  |b slo  |c SNK  |e AACR2 
041 0 |a slo 
044 |a xo  |c SK 
072 7 |a 664  |x Potravinársky priemysel  |2 konspekt 
080 |a 664.6  |2 2001 
080 |a 663/664  |2 2001 
080 |a (075.3)  |2 2001 
100 1 |a Dubová, Gabriela  |4 aut  |9 304051 
245 1 0 |a Technológia pre 2. ročník učebného odboru pekár  |c Gabriela Dubová 
250 |a 1. vyd. 
260 |a Bratislava  |b Expol pedagogika  |c 2014 
300 |a 127 s.  |b fotogr., ilustr., sch., tab.  |c 30 cm 
504 |a Bibliogr.: s. 127 
650 0 7 |a pekárstvo  |2 SNKPH  |9 31203 
650 0 7 |a Bakery  |2 SNKPHeng  |9 325979 
650 0 7 |a potravinárska technológia  |2 SNKPH  |9 1725 
650 0 7 |a Food technology  |2 SNKPHeng  |9 313970 
655 7 |a učebnice stredných škôl  |2 SNKPH  |9 69323 
655 7 |a Textbooks (secondary)  |2 SNKPHeng  |9 276359 
852 |a Štátna vedecká knižnica v Banskej Bystrici 
919 |a 978-80-8091-382-3 
958 |a NB 
999 |c 758397  |d 760327 
952 |a SNK  |b SNK  |y PREZ  |7 0  |p 17A1141631  |o snkSB 88069  |i snk2015/9423  |8 0  |0 0  |1 0  |4 0  |d 2015-03-18  |f 1  |l 0  |r 2025-05-12 00:00:00  |w 2026-02-23 
952 |a SNK  |b SNK  |y VYP  |7 0  |p 17A1141632  |o snkSB 88069 D1  |i snk2015/9424  |8 0  |0 0  |1 0  |4 0  |d 2015-03-18  |l 0  |r 2026-02-23 23:55:49  |w 2026-02-23